Mahakavi Moyinkutty Vaidyar Padanangal: (Record no. 227756)
[ view plain ]
| 000 -LEADER | |
|---|---|
| fixed length control field | 00906nam a22002057a 4500 |
| 005 - DATE AND TIME OF LATEST TRANSACTION | |
| control field | 20230708120326.0 |
| 008 - FIXED-LENGTH DATA ELEMENTS--GENERAL INFORMATION | |
| fixed length control field | 230706b ||||| |||| 00| 0 eng d |
| 040 ## - CATALOGING SOURCE | |
| Transcribing agency | AL |
| 041 ## - LANGUAGE CODE | |
| Language code of text/sound track or separate title | mal |
| 082 ## - DEWEY DECIMAL CLASSIFICATION NUMBER | |
| Edition number | 23 |
| Classification number | 894.8129 |
| Item number | AHMM |
| 100 ## - MAIN ENTRY--PERSONAL NAME | |
| Personal name | K M Ahmed: കെ എം ആഹ്മെദ് Ed |
| 100 ## - MAIN ENTRY--PERSONAL NAME | |
| 9 (RLIN) | 126079 |
| 245 ## - TITLE STATEMENT | |
| Title | Mahakavi Moyinkutty Vaidyar Padanangal: |
| Remainder of title | മഹാകവി മോയിൻകുട്ടി വൈദ്യർ പടങ്ങൾ |
| 260 ## - PUBLICATION, DISTRIBUTION, ETC. | |
| Place of publication, distribution, etc. | Mallapuram |
| Name of publisher, distributor, etc. | Mahakavi Moyinkutty Vaidyar Smaraka Committee |
| Date of publication, distribution, etc. | 2006 |
| 300 ## - PHYSICAL DESCRIPTION | |
| Extent | 278p. |
| Other physical details | PB |
| Dimensions | 21x14cm. |
| 365 ## - TRADE PRICE | |
| Source of price type code | Malyalam |
| Price amount | 150.00 |
| Currency code | ₹ |
| Unit of pricing | 150.00 |
| 650 ## - SUBJECT ADDED ENTRY--TOPICAL TERM | |
| Topical term or geographic name entry element | Malayalm Criticism: മലയാളം ക്രിട്ടിസിസം |
| 9 (RLIN) | 125815 |
| 650 ## - SUBJECT ADDED ENTRY--TOPICAL TERM | |
| Topical term or geographic name entry element | Collection of Essays on Life and works of Mahakavi Moinkutty Vaidyar (1852-1892) |
| 9 (RLIN) | 126080 |
| 700 ## - ADDED ENTRY--PERSONAL NAME | |
| Personal name | AHMED (K M): ആഹ്മെദ് (കെ എം) Ed |
| 9 (RLIN) | 125816 |
| 942 ## - ADDED ENTRY ELEMENTS (KOHA) | |
| Source of classification or shelving scheme | Dewey Decimal Classification |
| Koha item type | Donated Books |
| Withdrawn status | Lost status | Source of classification or shelving scheme | Damaged status | Not for loan | Collection code | Home library | Current library | Date acquired | Total Checkouts | Full call number | Barcode | Date last seen | Price effective from | Koha item type | Public note |
|---|---|---|---|---|---|---|---|---|---|---|---|---|---|---|---|
| Dewey Decimal Classification | Others | St Aloysius Library | St Aloysius Library | 06/14/2023 | 894.8129 AHMM | D05814 | 07/06/2023 | 07/06/2023 | Donated Books | Donated by Sara Abubakkar |